Cestovné náhrady zamestnanca

Podmienky poskytovania náhrad pri pracovnej ceste zamestnanca. Náhrady pri tuzemskej pracovnej ceste. Stravné pri tuzemskej pracovnej ceste. Náhrada preukázaných výdavkov.

Saved in:
Bibliographic Details
Main Author: Cingelová, Zuzana
Format: Book Chapter
Language:Slovak
Subjects:
Tags: Add Tag
No Tags, Be the first to tag this record!

MARC

LEADER 00000naa a2200000 4500
001 0278690
005 20210923134351.2
041 0 |a slo 
044 |a SK 
245 1 0 |a Cestovné náhrady zamestnanca  |c Zuzana Cingelová 
520 |a Podmienky poskytovania náhrad pri pracovnej ceste zamestnanca. Náhrady pri tuzemskej pracovnej ceste. Stravné pri tuzemskej pracovnej ceste. Náhrada preukázaných výdavkov. 
610 2 0 |a náhrada cestovného 
610 2 0 |a stravovanie zamestnancov 
610 2 0 |a cesty pracovné 
610 2 0 |a zamestnanci 
610 2 0 |a zamestnávatelia 
610 2 0 |a zákonník práce 
610 2 0 |a legislatíva 
100 1 |a Cingelová, Zuzana